ARRUPE JESUIT UNIVERSITY

CORONAVIRUS -STOP THE SPREAD - CLEAN,DISINFECT,COVER

Schools of Psychoanalytic Thought (Record no. 52606)

MARC details
000 -LEADER
fixed length control field 00515nam a2200205Ia 4500
003 - CONTROL NUMBER IDENTIFIER
control field 0100
008 - FIXED-LENGTH DATA ELEMENTS--GENERAL INFORMATION
fixed length control field 130303s9999 xx 000 0 und d
040 ## - CATALOGING SOURCE
Transcribing agency ARRUPELIB
050 ## - LIBRARY OF CONGRESS CALL NUMBER
Classification number BF173.B825 1955
300 ## - PHYSICAL DESCRIPTION
Other physical details 670p. 26cm.
100 ## - MAIN ENTRY--PERSONAL NAME
Personal name Munroe, Ruth L
245 ## - TITLE STATEMENT
Title Schools of Psychoanalytic Thought
245 ## - TITLE STATEMENT
Remainder of title an exposition, critique and attempt at integration
260 ## - PUBLICATION, DISTRIBUTION, ETC. (IMPRINT)
Place of publication, distribution, etc New York
260 ## - PUBLICATION, DISTRIBUTION, ETC. (IMPRINT)
Name of publisher, distributor, etc Holt, Rinehart & Winston
260 ## - PUBLICATION, DISTRIBUTION, ETC. (IMPRINT)
-- 1955
300 ## - PHYSICAL DESCRIPTION
Extent xvi
650 ## - SUBJECT ADDED ENTRY--TOPICAL TERM
Topical term or geographic name as entry element PSYCHOLOGY
942 00 - ADDED ENTRY ELEMENTS (KOHA)
Koha issues (borrowed), all copies 1
Holdings
Withdrawn status Lost status Source of classification or shelving scheme Damaged status Not for loan Collection code Home library Current library Shelving location Date acquired Total Checkouts Full call number Barcode Date last seen Date checked out Copy number Price effective from Koha item type
    Library of Congress Classification     Main Collection ARRUPE LIBRARY ARRUPE LIBRARY   04/03/2013 1 BF173.B825 1955 46003006663 13/09/2016 09/10/2014 1 04/03/2013 Monograph ( Printed materials)

 

Arrupe Library. PO Box MP320 Mt Pleasant, Harare, Zimbabwe
263 242 745411|librarian@aju.ac.zw